000 00294nam a22001337a 4500
008 170914b xxu||||| |||| 00| 0 eng d
020 _a0385123493
041 _aeng
080 _a7
100 _a44
101 _aART
245 _aFOLK CRAFTS FOR WORLD FRIENDSHIP
_cTEMKO,F
942 _2udc
_cBK
999 _c27730
_d27730